| 000 | 00629nam a22002057a 4500 | ||
|---|---|---|---|
| 003 | OSt | ||
| 005 | 20250708064446.0 | ||
| 008 | 250708b |||||||| |||| 00| 0 eng d | ||
| 020 | _a0-8041-1060-3 | ||
| 040 |
_aDWC-Main Lib _cOC |
||
| 082 | _aCirc. 242.4 R946p 1988 | ||
| 100 | _aRupp, Joyce | ||
| 245 |
_aPraying our goodbyes/ _cJoyce Rupp |
||
| 260 |
_aNotre Dame, Indiana: _bAve Maria Press, _cc1988. |
||
| 300 |
_ax, 177 pages; _c17cm. |
||
| 504 | _aIncludes bibliographical references. | ||
| 650 | _a1. Farewells--Religious aspects--Christianity. | ||
| 650 | _a2. Devotional exercises. | ||
| 942 |
_2ddc _cBK-CIRC _kCirc. _n0 |
||
| 999 |
_c3468 _d3468 |
||